| 000 | 00429nam a2200157Ia 4500 | ||
|---|---|---|---|
| 005 | 20250612013547.0 | ||
| 008 | 240331s9999 xx 000 0 und d | ||
| 020 | _a955910246X | ||
| 082 |
_bDEA _a305 |
||
| 100 | _aDe Alwis, M | ||
| 245 | 0 | _aSri Lankave sthreen chanda balayatakala satana | |
| 260 |
_aColombo _bSocial Scientist Association |
||
| 300 | _a106 p ., | ||
| 500 | _aSri Lankan women fight against voting | ||
| 942 | _cL | ||
| 999 |
_c1635 _d1635 |
||